Belgium National Football Team - Statistics

General Stats
  • This quiz has been taken 1,559 times
    1,309 since last reset
  • The average score is 7 of 17
Answer Stats
Goals Caps Player % Correct
89 124 Romelu Lukaku
99%
33 126 Eden Hazard
97%
36 115 Kevin De Bruyne
95%
0 107 Thibaut Courtois
87%
10 157 Jan Vertonghen
80%
5 127 Toby Alderweireld
67%
12 134 Axel Witsel
64%
21 109 Dries Mertens
56%
27 55 Michy Batshuayi
38%
29 70 Marc Wilmots
24%
23 96 Jan Ceulemans
15%
30 81 Paul Van Himst
10%
6 94 Timmy Simons
7%
30 61 Bernard Voorhoof
3%
27 56 Jef Mermans
2%
26 54 Raymond Braine
2%
26 23 Robert De Veen
2%
No matching quizzes found
Score Distribution
Percent of People with Each Score
Percentile by Number Answered
Your Score History
You have not taken this quiz since the last reset